00769cam a22002173a 450000100060000000300060000600500170001200800410002904000150007004200070008505000070009210000330009924501720013226000290030450600300033351600200036365300400038370000570042383000290048085600420050917150PGUSA20140828083350.0051125s2005||||xxu|||||s|||||000 | eng d aPGUSAbeng adc 4aKL1 aHammurabi, King of Babylonia14aThe Oldest Code of Laws in the World :bThe code of laws promulgated by Hammurabi, King of Babylon B.C. 2285-2242h[electronic resource] /cKing of Babylonia Hammurabi bProject Gutenberg,c2005 aPublic domain in the USA. aElectronic text aLaw -- Iraq -- Babylonia -- Sources1 aJohns, C. H. W.q(Claude Hermann Walter),d1857-1920 0aProject Gutenbergv1715040uhttp://www.gutenberg.org/ebooks/17150